000 00282nam a2200121Ia 4500
008 240624s9999 xx 000 0 und d
041 _aeng
082 _a657 SOF
100 _aSOFAT RAJNI
245 _aBASIC ACCOUNTING
260 _c2009
_aNew Delhi
_bPHI Learning
365 _cRS
_b27
999 _c15991
_d15991